| 000 | 02096cam a2200373 i 4500 | ||
|---|---|---|---|
| 001 | 21128257 | ||
| 003 | OSt | ||
| 005 | 20220411135117.0 | ||
| 008 | 190812s2020 flu b 001 0 eng | ||
| 010 | _a 2019033993 | ||
| 020 |
_a9781604271607 _q(paperback ; _qacid-free paper) |
||
| 040 |
_aDLC _beng _cAIMIT LIBRARY _erda _dDLC |
||
| 042 | _apcc | ||
| 050 | 0 | 0 |
_aHD69.B87 _bC37 2020 |
| 082 | 0 | 0 |
_a658.4012 _22 _bCHAJ |
| 100 | 1 |
_aChampagne, Jamie, _d1982- _929166 |
|
| 245 | 1 | 0 |
_aSeven steps to mastering business analysis : _bthe essentials / _cBy Jamie Champagne. |
| 250 | _a2nd ed. | ||
| 260 |
_aUSA : _bJ. Ross Publishing . _c2020. |
||
| 300 |
_axvii, 259p. ; _c24 cm. _bPB |
||
| 336 |
_atext _btxt _2rdacontent |
||
| 337 |
_aunmediated _bn _2rdamedia |
||
| 338 |
_avolume _bnc _2rdacarrier |
||
| 490 | 0 | _aBusiness analysis professional development series | |
| 500 | _aRevised edition of Seven steps to mastering business analysis, c2009. | ||
| 504 | _aIncludes bibliographical references and index. | ||
| 520 |
_a"This volume in the Business Analysis Professional Development Series by leading expert and keynote speaker Jamie Champagne is the second edition of our number #1 best seller. It is an instructional text that will help relatively new analysts, and those expected who do business analysis work in addition to their main role, build their skill sets, master the essentials, and advance their careers. Since the content is aligned with the consensus-based business analysis standards of both the Project Management Institute (PMI) and the International Institute of Business Analysis (IIBA), as articulated in their respective guides and bodies of knowledge, this book continues to be an excellent reference for the PMI-PBA, ECBA, CCBA, and CBAP certification exams"-- _cProvided by publisher. |
||
| 650 | 0 |
_aBusiness analysts. _929167 |
|
| 650 | 0 |
_aBusiness planning. _929168 |
|
| 650 | 0 |
_aOrganizational effectiveness. _929169 |
|
| 650 | 0 |
_aBusiness Environment. _929170 |
|
| 650 | 0 |
_aRequirements analysis Techniques. _929171 |
|
| 942 |
_2ddc _cBK _e2nd ed. _k658.4012 CHAJ |
||
| 999 |
_c222344 _d222344 |
||